[Event "ARG-ch U2000"]
[Site "Tacuari"]
[Date "2018.11.19"]
[Round "8"]
[White "Valli, Americo"]
[Black "Ayala, Gustavo"]
[Result "1-0"]
[WhiteElo "1948"]
[BlackElo "1925"]
[PlyCount "79"]
[EventDate "2018.11.16"]
[EventType "swiss"]
[EventRounds "8"]
[EventCountry "ARG"]
[SourceTitle "EXT 2020"]
[Source "ChessBase"]
[SourceDate "2019.10.17"]
[SourceVersion "1"]
[SourceVersionDate "2019.10.17"]
[SourceQuality "1"]

1. Nf3 g6 2. e4 Bg7 3. d4 d6 4. Nc3 c6 5. a4 Nf6 6. Bf4 0-0 7. Be2 Re8 8. 0-0 Nfd7 9. Qd2 e5 10. dxe5 dxe5 11. Be3 Qe7 12. Rfd1 Qb4 13. a5 Nc5 14. Na4 Qxd2 15. Nxd2 Nxa4 16. Rxa4 Rd8 17. Raa1 Be6 18. Nc4 Nd7 19. b4 Bxc4 20. Bxc4 Kf8 21. b5 cxb5 22. Bd5 Rac8 23. Bxb7 Rxc2 24. a6 Ke7 25. Bxa7 Bh6 26. Rd5 b4 27. Rb5 Bd2 28. g3 Kd6 29. Rd5+ Kc7 30. Rd1 Bc3 31. Rb5 Ra2 32. Be3 Bd4 33. Bxd4 exd4 34. Rxb4 Nb8 35. Rc1+ Kd7 36. Rxd4+ Ke8 37. Rxd8+ Kxd8 38. Rc8+ Kd7 39. Rxb8 Kc7 40. Rf8 1-0

[Event "Chascomus U2200 op"]
[Site "Chascomus"]
[Date "2016.08.07"]
[Round "6.2"]
[White "Ayala, Gustavo"]
[Black "Ferrara, Enzo"]
[Result "0-1"]
[WhiteElo "1953"]
[BlackElo "2043"]
[PlyCount "114"]
[EventDate "2016.08.05"]
[EventType "swiss"]
[EventRounds "6"]
[EventCountry "ARG"]
[SourceTitle "EXT 2024"]
[Source "ChessBase"]
[SourceDate "2023.10.10"]
[SourceVersion "1"]
[SourceVersionDate "2023.10.10"]
[SourceQuality "1"]

1. e4 e6 2. d4 d5 3. e5 c5 4. Qg4 cxd4 5. Bd3 Nc6 6. Nf3 Qc7 7. Qg3 f6 8. Bxh7 Nge7 9. Bg6+ Nxg6 10. Qxg6+ Qf7 11. Qg3 Rh5 12. Bf4 g5 13. Bd2 g4 14. Qxg4 Nxe5 15. Qxd4 Nxf3+ 16. gxf3 e5 17. Qa4+ Bd7 18. Qb3 0-0-0 19. Nc3 Bc6 20. Nb5 Kb8 21. a4 Qd7 22. Ba5 Bxb5 23. Qxb5 Qxb5 24. axb5 b6 25. Bd2 Re8 26. 0-0-0 Bc5 27. f4 Bxf2 28. fxe5 fxe5 29. Rdf1 Rf8 30. Kd1 Rhf5 31. Ke2 Bh4 32. Be1 Rxf1 33. Rxf1 Rxf1 34. Kxf1 Bf6 35. h3 Kc7 36. Ke2 Kd6 37. Bb4+ Ke6 38. c4 d4 39. c5 bxc5 40. Bxc5 Kd5 41. Bxa7 e4 42. b4 Bg5 43. Bc5 d3+ 44. Kd1 e3 45. b6 Bf4 46. b7 e2+ 47. Ke1 Bb8 48. Bf2 Ke4 49. Kd2 Bf4+ 50. Kc3 d2 51. b8Q d1N+ 52. Kc2 Bxb8 53. Kd2 Kf3 54. Bg1 Bf4+ 55. Ke1 Be3 56. Bxe3 Kxe3 57. b5 Nf2 0-1

[Event "ARG-ch Amateur U2000"]
[Site "La Falda"]
[Date "2015.12.06"]
[Round "4.11"]
[White "Grego, Maximiliano"]
[Black "Ayala, Gustavo"]
[Result "1/2-1/2"]
[WhiteElo "1815"]
[BlackElo "1965"]
[PlyCount "61"]
[EventDate "2015.12.05"]
[EventType "swiss"]
[EventRounds "9"]
[EventCountry "ARG"]
[SourceTitle "EXT 2024"]
[Source "ChessBase"]
[SourceDate "2023.10.10"]
[SourceVersion "1"]
[SourceVersionDate "2023.10.10"]
[SourceQuality "1"]

1. e4 c5 2. Nf3 Nc6 3. d4 cxd4 4. Nxd4 Nf6 5. Nc3 g6 6. Be3 Bg7 7. f3 0-0 8. Qd2 d5 9. exd5 Nb4 10. 0-0-0 Nbxd5 11. Nxd5 Nxd5 12. Bh6 Qb6 13. Bxg7 Kxg7 14. Bc4 Rd8 15. Rhe1 Qc5 16. Qe2 Nb6 17. Nb3 Rxd1+ 18. Rxd1 Qxc4 19. Qe5+ f6 20. Qxe7+ Qf7 21. Qc5 Be6 22. Nd4 Bd5 23. b3 Rc8 24. Qa5 Qe7 25. Kb1 Qc5 26. Qe1 Bf7 27. c4 Re8 28. Qxe8 Nxc4 29. Ne6+ Bxe6 30. Qxe6 Na3+ 31. Kb2 1/2-1/2

[Event "Buenos Aires FASGBA op"]
[Site "Buenos Aires"]
[Date "2015.08.03"]
[Round "3"]
[White "Vigil, Lucas"]
[Black "Ayala, Gustavo"]
[Result "1-0"]
[WhiteElo "2253"]
[BlackElo "2079"]
[PlyCount "48"]
[EventDate "2015.07.31"]
[EventType "swiss"]
[EventRounds "7"]
[EventCountry "ARG"]
[SourceTitle "EXT 2016"]
[Source "ChessBase"]
[SourceDate "2015.10.08"]
[SourceVersion "1"]
[SourceVersionDate "2015.10.08"]
[SourceQuality "1"]

1. e4 e6 2. d4 d5 3. Nd2 Nc6 4. Ngf3 Nf6 5. e5 Nd7 6. Bd3 f6 7. Ng5 Ndxe5 8. dxe5 fxg5 9. Qh5+ Kd7 10. Nf3 Be7 11. 0-0 Qe8 12. Qg4 Kd8 13. Bxg5 Bxg5 14. Nxg5 h5 15. Qf4 Qf8 16. Nf7+ Kd7 17. c4 Ne7 18. cxd5 Ke8 19. Bb5+ c6 20. dxc6 bxc6 21. Rfd1 Bd7 22. Nd6+ Kd8 23. Qg5 cxb5 24. Rac1 Rh6 1-0

[Event "Buenos Aires Duchamp Boca op 3rd"]
[Site "Buenos Aires"]
[Date "2013.06.29"]
[Round "9"]
[White "Perez Wertheim, Rodolfo"]
[Black "Ayala, Gustavo"]
[Result "1-0"]
[WhiteElo "2017"]
[BlackElo "1972"]
[PlyCount "81"]
[EventDate "2013.06.20"]
[EventType "swiss"]
[EventRounds "9"]
[EventCountry "ARG"]
[SourceTitle "CBM 155 Extra"]
[Source "ChessBase"]
[SourceDate "2013.08.26"]
[SourceVersion "1"]
[SourceVersionDate "2013.08.26"]
[SourceQuality "1"]

1. d4 Nf6 2. Bf4 d5 3. e3 c5 4. Nf3 Nc6 5. c3 Qb6 6. Qb3 c4 7. Qxb6 axb6 8. Nbd2 b5 9. Be2 Bf5 10. Ne5 Nxe5 11. dxe5 Nd7 12. Nf3 Ra5 13. Nd4 Bg6 14. Kd2 e6 15. b4 Ra6 16. Nxb5 Rb6 17. a4 Be7 18. Nc7+ Kd8 19. Nb5 h5 20. Nd4 Ra6 21. a5 Kc7 22. b5 Raa8 23. b6+ Kc8 24. Nb5 Nc5 25. Bd1 Bd3 26. f3 h4 27. h3 Rh5 28. Na7+ Kd8 29. Ba4 Bg5 30. Ra2 Bxf4 31. exf4 Rh6 32. Ke3 Rg6 33. Kd4 Nxa4 34. Rxa4 Rxg2 35. Kc5 Kd7 36. Rha1 Rc2 37. a6 bxa6 38. Rxa6 Rb2 39. Nc6 Rxa6 40. Rxa6 Kc8 41. Ra8+ 1-0

[Event "American Continental 08th"]
[Site "Mar del Plata"]
[Date "2012.10.21"]
[Round "11"]
[White "Ayala, Gustavo"]
[Black "Pineiro, Dario"]
[Result "0-1"]
[WhiteElo "1955"]
[BlackElo "2141"]
[PlyCount "62"]
[EventDate "2012.10.12"]
[EventType "swiss"]
[EventRounds "11"]
[EventCountry "ARG"]
[SourceTitle "EXT 2013"]
[Source "ChessBase"]
[SourceDate "2012.11.22"]
[SourceVersion "1"]
[SourceVersionDate "2012.11.22"]
[SourceQuality "1"]

1. e4 c5 2. Nf3 a6 3. c4 Nc6 4. d4 cxd4 5. Nxd4 Nf6 6. Nc3 d6 7. Be2 e6 8. Be3 Be7 9. Qd2 Bd7 10. g4 Nxd4 11. Bxd4 e5 12. Be3 Bxg4 13. f3 Be6 14. Rg1 0-0 15. 0-0-0 Kh8 16. f4 Rc8 17. b3 exf4 18. Bxf4 b5 19. Bxd6 Bxd6 20. Qxd6 Qxd6 21. Rxd6 bxc4 22. b4 Ra8 23. e5 Nd7 24. Bxc4 Nxe5 25. Bxe6 fxe6 26. Rxe6 Nd3+ 27. Kb1 Nxb4 28. Re7 g6 29. Rge1 Rab8 30. R1e4 Nd5+ 31. Kc2 Rfc8 0-1

[Event "American Continental 08th"]
[Site "Mar del Plata"]
[Date "2012.10.17"]
[Round "7"]
[White "Ayala, Gustavo"]
[Black "Leskovar, Matias"]
[Result "0-1"]
[WhiteElo "1955"]
[BlackElo "2283"]
[PlyCount "88"]
[EventDate "2012.10.12"]
[EventType "swiss"]
[EventRounds "11"]
[EventCountry "ARG"]
[SourceTitle "EXT 2013"]
[Source "ChessBase"]
[SourceDate "2012.11.22"]
[SourceVersion "1"]
[SourceVersionDate "2012.11.22"]
[SourceQuality "1"]

1. e4 e5 2. Nf3 d6 3. d4 exd4 4. Qxd4 Nc6 5. Bb5 Bd7 6. Bxc6 bxc6 7. c4 Nf6 8. Bg5 Be7 9. Nc3 0-0 10. 0-0-0 c5 11. Qd2 Be6 12. e5 dxe5 13. Qxd8 Rfxd8 14. Rxd8+ Bxd8 15. Rd1 h6 16. Bh4 Bg4 17. h3 Bxf3 18. gxf3 Be7 19. Bxf6 Bxf6 20. Ne4 Bh4 21. Rd5 Re8 22. Rxc5 Re7 23. Rd5 f5 24. Ng3 g6 25. Kd2 Kf7 26. Ke2 e4 27. fxe4 f4 28. Nf1 Rxe4+ 29. Kd3 Re1 30. Nd2 Bxf2 31. Rd7+ Ke6 32. Rxc7 Re3+ 33. Kc2 Rxh3 34. c5 g5 35. b4 g4 36. Rxa7 Bd4 37. Ra6+ Kf5 38. c6 Rc3+ 39. Kd1 g3 40. Nb3 Rxb3 41. Ra5+ Ke4 42. c7 g2 43. axb3 g1Q+ 44. Kc2 Qf2+ 0-1

[Event "Buenos Aires-C"]
[Site "Buenos Aires"]
[Date "2012.02.04"]
[Round "9"]
[White "Ayala, Gustavo"]
[Black "Montoro, Gustavo Ernesto"]
[Result "1-0"]
[WhiteElo "2027"]
[BlackElo "2061"]
[PlyCount "91"]
[EventDate "2012.01.30"]
[EventType "tourn"]
[EventRounds "8"]
[EventCountry "ARG"]
[SourceTitle "EXT 2014"]
[Source "ChessBase"]
[SourceDate "2013.11.20"]
[SourceVersion "1"]
[SourceVersionDate "2013.11.20"]
[SourceQuality "1"]

1. e4 e6 2. d4 d5 3. Nd2 Nf6 4. e5 Nfd7 5. f4 c5 6. c3 Nc6 7. Ndf3 cxd4 8. cxd4 Qb6 9. g3 Bb4+ 10. Kf2 0-0 11. Bd3 Be7 12. Kg2 f6 13. Ne2 Ndb8 14. Qc2 f5 15. a3 Bd7 16. Bd2 Be8 17. Bc3 Nd7 18. h3 Rc8 19. Rhg1 Kh8 20. Kh2 Rc7 21. g4 g6 22. Rg2 Rg8 23. Rag1 Bf7 24. Ng3 Rcc8 25. Qe2 fxg4 26. hxg4 Nd8 27. f5 Bxa3 28. Bb5 Nb8 29. Ra1 a6 30. Rxa3 Qxb5 31. Qe3 Qd7 32. f6 Be8 33. Kg1 Nbc6 34. Rh2 Nf7 35. Qd2 Rf8 36. Rh4 Kg8 37. Qh2 h6 38. g5 a5 39. Bd2 b5 40. Rg4 b4 41. Ra1 Qa7 42. Kh1 Qa6 43. Nh4 Nxg5 44. Bxg5 hxg5 45. Nf3 Rc7 46. Nxg5 1-0

[Event "Buenos Aires-C"]
[Site "Buenos Aires"]
[Date "2012.01.31"]
[Round "3"]
[White "Gimenez, Martin"]
[Black "Ayala, Gustavo"]
[Result "1-0"]
[WhiteElo "2048"]
[BlackElo "2027"]
[PlyCount "51"]
[EventDate "2012.01.30"]
[EventType "tourn"]
[EventRounds "8"]
[EventCountry "ARG"]
[SourceTitle "EXT 2014"]
[Source "ChessBase"]
[SourceDate "2013.11.20"]
[SourceVersion "1"]
[SourceVersionDate "2013.11.20"]
[SourceQuality "1"]

1. e4 c5 2. Nc3 Nc6 3. g3 e6 4. Bg2 Nge7 5. d3 g6 6. Be3 d6 7. Qd2 Nd4 8. Nce2 Nec6 9. c3 Nxe2 10. Nxe2 Bg7 11. Bh6 0-0 12. h4 Qf6 13. Bg5 Bh6 14. Bxh6 Re8 15. h5 Ne5 16. f4 Ng4 17. Bg5 Qg7 18. hxg6 fxg6 19. Bf3 e5 20. Bxg4 Bxg4 21. 0-0-0 b5 22. Rdf1 c4 23. fxe5 cxd3 24. Nd4 dxe5 25. Nxb5 Qd7 26. Na3 1-0